000 00978cam a2200277 a 4500
001 17288655
005 20170105102839.0
008 120507m20132005enkab b 001 0 eng
010 _a 2012018598
020 _a9780415629195 (hbk. : alk. paper)
020 _a9780415629201 (hbk. : alk. paper)
040 _aDLC
_cDLC
_dDLC
042 _apcc
050 0 0 _aD295
_b.B53 2013
082 0 0 _a355.009
_223
100 1 _aBlack, Jeremy,
_d1955-
245 1 0 _aIntroduction to global military history :
_b1775 to the present day /
_cJeremy Black.
250 _a2nd ed.
260 _aLondon ;
_aNew York :
_bRoutledge,
_c2013.
300 _axvii, 318 p. :
_bill., maps (chiefly col.) ;
_c26 cm.
504 _aIncludes bibliographical references (p. 303-311) and index.
650 0 _aMilitary history, Modern.
906 _a7
_bcbc
_corignew
_d1
_eecip
_f20
_gy-gencatlg
942 _2ddc
_cBK
999 _c13799
_d13799